000 00806nam a2200229Ia 4500
003 OSt
005 20220923220259.0
006 a|||||r|||| 00| 0
007 ta
008 220922b |||||||| |||| 00| 0 hin d
024 _a185,670
037 _cTextual
040 _aARTS
_cARTS
_bhin
041 _2hin
_ahin
082 _aY1:1.2.D, 152J8(TPH)
100 _aपाण्डेय, विमल चंद्र
245 0 _aप्राचीन भारत का राजनीतिक तथा संास्कृति इतिहास
246 _aPrāchīn bhārat kā rājanītik tathā sanāskṛuti itihāsa
260 _c1958
942 _hY1:1.2.D, 152J8(TPH)
_cTEXL
_2CC
999 _c338916
_d338916